| 000 | 00465nam a2200169 a 4500 | ||
|---|---|---|---|
| 005 | 20140412111414.0 | ||
| 008 | 070717s19uu xx 00 eng d | ||
| 020 | _a978-971-93766-1-3 | ||
| 050 |
_aTR(GS 658.21 _bF82 2007 |
||
| 100 | _aFucanan, Maria Theresa | ||
| 245 |
_aThe 4 Gems af Management / _cMaria Theresa Fucanan. |
||
| 260 |
_aPhils : _bPhilcoman Foundation, _c2007. |
||
| 300 | _a227 | ||
| 650 | _aManagement | ||
| 999 |
_c105768 _d105768 |
||